Levél író-barátomhoz az "idegiglenességi érzéskör" tárgyában
Elmentve itt :
| Szerző: | |
|---|---|
| Adatforrás: | Meister |
| Forrásdokumentuma: | Korunk. - 3 sz., 1993, 75-76 p. |
| Nyelv: | magyar |
| Kulcsszavak: | filozófia tudat személyiség |
| LEADER | 00420nab a2200145 i 4500 | ||
|---|---|---|---|
| 001 | bibPRO00002395 | ||
| 008 | 060524s1993 xx hun | ||
| 040 | |a Sz1 | ||
| 041 | |a hun | ||
| 100 | 1 | |a KOMJÁTSZEGI Sándor | |
| 245 | 1 | 0 | |a Levél író-barátomhoz az "idegiglenességi érzéskör" tárgyában |c KOMJÁTSZEGI Sándor |
| 695 | |a filozófia | ||
| 695 | |a tudat | ||
| 695 | |a személyiség | ||
| 773 | 0 | |t Korunk. - |g 3 sz., 1993, 75-76 p. | |